| 000 | 01065nam a2200313 a 4500 | ||
|---|---|---|---|
| 008 | |||
| 020 | _a9781409446927 (hardback) | ||
| 040 |
_aNUST _cNUST |
||
| 049 | _aMAIN | ||
| 090 |
_aHE311 _bKHA |
||
| 100 | 1 |
_aKhayesi, Meleckidzedeck., _aauthor. |
|
| 245 | 1 | 0 |
_aInformal public transport in practice : _bMatatu Entrepreneurship/ _c Meleckidzedeck Khayesi ; Frederick Muyia Nafukho & Joyce Kemuma. |
| 260 |
_aSurrey, England : _bAshgate, _c2015. |
||
| 300 |
_axiii,149 pages : _billustrations ; _c24 cm. |
||
| 336 |
_atext _btxt _2rdacontent |
||
| 337 |
_aunmediated _bn _2rdamedia |
||
| 338 |
_avolume _bnc _2rdacarrier |
||
| 440 | _aTransport and society. | ||
| 500 | _aIncludes index. | ||
| 504 | _aIncludes bibliographical references. | ||
| 650 | 1 |
_aLocal transit _xKenya. |
|
| 650 |
_aParatransit services _xKenya. |
||
| 650 |
_aBus lines _xKenya. |
||
| 650 |
_aUrban transportation _xKenya. |
||
| 907 |
_a.b10416006 _b09-03-22 _c09-03-22 |
||
| 003 | |||
| 005 | 20230123141235.0 | ||
| 942 |
_cBOOKS _kHE311 _mKHA |
||
| 999 |
_c170076 _d170076 |
||